| Tag |
First Indicator |
Second Indicator |
Subfields |
| LEADER |
00000cam a2200000 a 4500 |
| 001 |
in00002588198 |
| 005 |
20151201150717.0 |
| 008 |
091110s2010 nyua b 001 0 eng |
| 010 |
|
|
|a 2009045451
|
| 015 |
|
|
|a GBB008843
|2 bnb
|
| 016 |
7 |
|
|a 015473163
|2 Uk
|
| 020 |
|
|
|a 9780231147644 (cloth : alk. paper)
|
| 020 |
|
|
|a 0231147643 (cloth : alk. paper)
|
| 020 |
|
|
|a 9780231147651 (pbk : alk. paper)
|
| 020 |
|
|
|a 0231147651 (pbk : alk. paper)
|
| 020 |
|
|
|a 9780231519496 (e-book)
|
| 020 |
|
|
|a 0231519494 (e-book)
|
| 035 |
|
|
|a (OCoLC)ocn465680562
|
| 035 |
|
|
|a (OCoLC)465680562
|
| 040 |
|
|
|a DLC
|c DLC
|d YDX
|d UKM
|d YDXCP
|d UtOrBLW
|
| 049 |
|
|
|a TXAM
|
| 050 |
0 |
0 |
|a PN1995.5
|b .G57 2010
|
| 082 |
0 |
0 |
|a 791.43/684
|2 22
|
| 100 |
1 |
|
|a Girgus, Sam B.,
|d 1941-
|
| 245 |
1 |
0 |
|a Levinas and the cinema of redemption :
|b time, ethics, and the feminine /
|c Sam B. Girgus.
|
| 264 |
|
1 |
|a New York :
|b Columbia University Press,
|c [2010]
|
| 264 |
|
4 |
|c ©2010
|
| 300 |
|
|
|a xii, 256 pages :
|b illustrations ;
|c 24 cm.
|
| 336 |
|
|
|a text
|b txt
|2 rdacontent
|
| 337 |
|
|
|a unmediated
|b n
|2 rdamedia
|
| 338 |
|
|
|a volume
|b nc
|2 rdacarrier
|
| 490 |
1 |
|
|a Film and culture
|
| 504 |
|
|
|a Includes bibliographical references and index.
|
| 505 |
0 |
|
|a Introduction : time, film, and the ethical vision of Emmanuel Levinas. American transcendence : Levinas and a short history of an American idea in film -- Frank Capra and James Stewart : time, transcendence, and the other -- The changing face of American redemption : Henry Fonda, Marilyn Monroe, Paul Newman, and Denzel Washington -- Sex, art, and Oedipus : The unbearable lightness of being -- Fellini and La dolce vita : documentary, decadence, and desire -- Antonioni and L'avventura : transcendence, the body, and the feminine.
|
| 650 |
|
0 |
|a Motion pictures
|x Moral and ethical aspects.
|
| 650 |
|
0 |
|a Motion pictures
|x Philosophy.
|
| 650 |
|
0 |
|a Redemption in motion pictures.
|
| 600 |
1 |
0 |
|a Lévinas, Emmanuel
|x Criticism and interpretation.
|
| 830 |
|
0 |
|a Film and culture.
|
| 938 |
|
|
|a YBP Library Services
|b YANK
|n 3204032
|
| 945 |
|
|
|a PromptCat
|b 975661
|
| 946 |
|
|
|a stk
|
| 947 |
|
|
|a A14840305374
|
| 994 |
|
|
|a 92
|b TXA
|
| 948 |
|
|
|a Cataloged
|b h
|c 2010/5/26
|d c
|e ibarton
|
| 999 |
|
|
|a MARS
|
| 999 |
f |
f |
|s 0ef14b4c-53cf-3495-b8b7-9cdcf4414cd5
|i 9a2de97d-645b-35d7-a176-1bcb7e4cbc9f
|t 0
|
| 952 |
f |
f |
|p normal
|a Texas A&M University
|b College Station
|c Sterling C. Evans Library
|d Evans: Library Stacks
|t 0
|e PN1995.5 .G57 2010
|h Library of Congress classification
|i unmediated -- volume
|m A14840305374
|
| 998 |
f |
f |
|a PN1995.5 .G57 2010
|t 0
|l Evans: Library Stacks
|